L'OM VS PSG - Statistiques

Statistiques générales
  • Ce quiz a été pris 154 fois
  • Le résultat moyen est 6 sur 9
Statistiques - réponses
Question Réponse % Correct
A été acheté par un fonds qatari ? PSG
98%
Le club ayant gagné le plus de Ligues des champions 🏆? Les deux
91%
A gagné le plus championnats de France ? PSG
91%
A étais sponsorise par Opel PSG
71%
A une chanson officielle connue sous le nom "Jump" ? L'OM
65%
A étais sponsorise par Adidas ? L'OM
62%
A déjà eu un Ballon d'Or parmi ses joueurs au moment de son sacre ? Les deux
55%
A connu une finale de Ligue Europa Conférence ? aucun
52%
A eu un joueur formé au club sacré champion du monde ? Les deux
46%
Aucun quiz correspondant
Distribution des résultats
% des personnes avec chaque résultat
Percentile par nombre de réponses
Votre historique - résultats
Vous n’avez pas pris ce quiz